Mistrzowie Polski w piłce nożnej - nagła śmierć. - Statystyki

Ogólne statystyki
  • Ten quiz został rozwiązany 812 razy
  • Średni wynik to 9 z 16
Answers on the Grid
Answers color-coded by a green-red scale on the quiz's grid according to % correct below.
Górnik Zabrze
Wisła Kraków
Polonia Warszawa
Śląsk Wrocław
Stal Mielec
Zagłębie Lubin
Raków Częstochowa
Jagiellonia Białystok
Szombierki Bytom
Lech Poznań
Zagłębie Sosnowiec
Hutnik Kraków
Pogoń Szczecin
GKS Katowice
Lechia Gdańsk
Arka Gdynia
Amica Wronki
Odra Opole
Korona Kielce
Motor Lublin
ŁKS Łódź
Polonia Bytom
Piast Gliwice
Widzew Łódź
Ruch Chorzów
Zawisza Bydgoszcz
Górnik Wałbrzych
GKS Bełchatów
Stomil Olsztyn
Radomiak Radom
Legia Warszawa
Górnik Łęczna
 
Statystyki odpowiedzi
Odpowiedź % Poprawnych
Lech Poznań
74%
Legia Warszawa
74%
Wisła Kraków
68%
Jagiellonia Białystok
63%
Raków Częstochowa
62%
Górnik Zabrze
61%
Ruch Chorzów
60%
Widzew Łódź
60%
Śląsk Wrocław
57%
Piast Gliwice
56%
Polonia Warszawa
52%
ŁKS Łódź
51%
Zagłębie Lubin
41%
Stal Mielec
39%
Szombierki Bytom
34%
Polonia Bytom
33%
Nie znaleziono quizów pasujących do podanych kryteriów
Rozkład punktacji
Procent ludzi z każdym wynikiem
Percentyl według liczby udzielonych odpowiedzi
Twoja historia wyników
Nie rozwiązałeś tego quizu